| 000 | 00544nam a22001577a 4500 | ||
|---|---|---|---|
| 003 | OSt | ||
| 005 | 20151002144622.0 | ||
| 008 | 151002b xxu||||| |||| 00| 0 eng d | ||
| 040 | _cRUA | ||
| 082 | _aAVM ផន 1993 B066 Or.1 | ||
| 100 |
_91774 _aផន ឃៀម |
||
| 245 | _aការភ្ញាស់ពងមាន់តាមបៀបទំនើប នៅមជ្ឍមណ្ឌលចិញ្ចឹមមាន់ព្រែកសំរោង | ||
| 260 |
_aPhnom Penh _bRUA _c1993 |
||
| 300 |
_a51p. _bill. _c29cm. |
||
| 942 |
_2ddc _cAVM |
||
| 999 |
_c1676 _d1676 |
||